Questionário estadual - Alasca - Statistics

Estatísticas Gerais
  • Esse quiz foi jogado 13 vezes
  • A pontuação média é 8 de 18
Estatísticas das Respostas
Dica Resposta % Correto
Corpo d’agua a oeste Estreito de {Bering}
90%
País de onde foi comprado Rússia
90%
Capital Juneau
70%
Território canadense que faz divisa Yukon
70%
Maior cidade Anchorage
60%
Esporte mais popular {Hóquei} no Gelo
60%
Província canadense que faz divisa Colúmbia Britânica
40%
Exportação primária Óleo
40%
Cidade mais setentrional dos EUA Barrow
30%
Cadeia de ilhas nesse estreito Ilhas {Aleutas}
30%
Nome anterior do acima Monte {McKinley}
30%
Cidade onde o acima termina Nome
30%
Ano de fundação do estado 1959
20%
Montanha mais alta da América do Norte Denali
20%
Navio que derramou o acima em 1989 Exxon {Valdez}
20%
Maior cidade do interior do Alasca Fairbanks
20%
Famosa corrida de cães de trenó Iditarod
20%
A “mãe” do esporte acima mais famosa do estado Sarah Palin
20%
Nenhum quiz correspondente encontrado
Distribuição das Pontuações
Porcentagem de Pessoas com Cada Pontuação
Percentil de Números Respondidos
Sua Pontuação Histórica
Você não jogou esse quiz